000
00259nam a22001097a 4500
082
_a
519.4 BEL
100
_a
BELL D.A
_9
78541
245
_a
STATISTICAL METHODS IN ELECTRICAL ENGINEERING
260
_a
PDF
_b
CHAPMAN & HALL
_c
1953
300
_a
173P
942
_c
BK
999
_c
583651
_d
583651